Statystyki dla Ptaki według zdjęcia

Kliknij tutaj aby rozwiązać quiz!

Ogólne statystyki

  • Ten quiz został rozwiązany 59 razy
  • Średni wynik to 9 z 18

Statystyki odpowiedzi

Odpowiedź% Poprawnych
Indyk zwyczajny
98%
Mewa siwa
90%
Pelikan różowy
88%
Ara żółtoskrzydła
85%
Emu
73%
Bielik amerykański
67%
Wrona amerykańska
63%
Pingwin {cesarski}
56%
Krzyżówka
46%
Maskonur zwyczajny
42%
Kondor wielki
37%
Koliberek rubinobrody
33%
Bernikla kanadyjska
25%
Pójdźka zwyczajna
23%
Kardynał szkarłatny
19%
Kukawka kalifornijska
10%
Modrosójka błękitna
6%
Quetzal
0%

Rozkład punktacji

Percentyl według liczby udzielonych odpowiedzi

Procent ludzi z każdym wynikiem

Twoja historia wyników

Nie rozwiązałeś tego quizu